| 000 | 00440cam a2200169ua 4500 | ||
|---|---|---|---|
| 020 | _c89.00 | ||
| 041 |
_aeng _h |
||
| 082 |
_a629.2 _bBRI/AU |
||
| 100 | _aBricken, Federick E . | ||
| 245 |
_aAUDELS:Automobile guide / _cFederick E Bricken. _hTextual Documents |
||
| 260 |
_aMumbai : _bD B Taraporevala sons & Co. Pvt. Ltd. , _c1984. |
||
| 300 | _a723 ; . | ||
| 365 | _a89.00 | ||
| 504 | _a | ||
| 942 | _cBK | ||
| 999 |
_c9045 _d9045 |
||